| 000 | 00709nam a2200217Ia 4500 | ||
|---|---|---|---|
| 005 | 20260601193245.0 | ||
| 008 | 260601s9999||||xx |||||||||||||| ||und|| | ||
| 020 |
_a978-3-031-63219-8 _qebk |
||
| 100 | _aIlias Maglogiannis | ||
| 245 | 0 | _aArtificial Intelligence Applications and Innovations | |
| 250 | _a2024 | ||
| 260 |
_aHeidelberg, Germany _bSpringer Nature _c2024 |
||
| 440 | _aIFIP Advances in Information and Communication Technology | ||
| 650 | _aComputer Science | ||
| 700 | _aAntonios Papaleonidas | ||
| 700 | _aJohn Macintyre | ||
| 700 | _aLazaros Iliadis | ||
| 700 | _aMarkos Avlonitis | ||
| 856 | _uhttps://link.springer.com/openurl?genre=book&isbn=978-3-031-63219-8 | ||
| 942 |
_cEB _2ddc |
||
| 999 |
_c56528 _d56528 |
||